| 000 | 00410nam a22001337a 4500 | ||
|---|---|---|---|
| 005 | 20131217124404.0 | ||
| 008 | 131217b xxu||||| |||| 00| 0 eng d | ||
| 050 |
_aBV4211.2 _bN337 2012 |
||
| 100 |
_aNcube, Raphael Mabuza _95816 |
||
| 245 |
_aFrom the abundance of the heart _cNcube, Raphael Mabuza |
||
| 260 |
_aPlumtree _bILIzwi Publications _c2012 |
||
| 300 |
_aX, 222p. ; _c23cm. |
||
| 942 |
_2lcc _cMONOGRAPH |
||
| 999 |
_c119299 _d119299 |
||